Missing Word: 'G' Literature II Quiz Stats

 Plays Quiz Updated Jan 28, 2019

Support Sporcle.
Go Orange.
Score 0/16 Timer 04:00
0 Plays Today
Title 'G' Word % Correct
The Great _____Gatsby
97%
The _______ CompassGolden
95.8%
_____ Eggs and HamGreen
93.7%
Midnight in the _____ of Good and EvilGarden
73.6%
Ender's _____Game
68.6%
The _____ TreeGiving
64.8%
The World According to _____Garp
58.8%
The _____ SoldierGood
52%
Title 'G' Word % Correct
Waiting for _____Godot
50.5%
_____'s Marvellous MedicineGeorge
39.1%
Rosencrantz and _____ Are DeadGuildenstern
38.7%
_____ RainbowGravity's
17.8%
Humboldt's _____ Gift
15.2%
The Tale of _____Genji
10%
_____ and PantagruelGargantua
9.3%
_____ BalladsGypsy
4.1%

Today's Daily Dose

Word Ladder
Math Aid

Get the Picture
Warrior Women

You're not logged in!

Compare scores with friends on all Sporcle quizzes.
OR
Log In
Forgot?

From the Vault

Lucky Seven Crossword II

by El_Dandy

You'll need luck on your side for this one.
Remove Ads.
Support Sporcle.
Get the best of Sporcle when you Go Orange. This ad-free experience offers more features, more stats, and more fun while also helping to support Sporcle. Thank you for becoming a member.

Show Comments

Extras

Top Quizzes Today


Score Distribution

Your Account Isn't Verified!

In order to create a playlist on Sporcle, you need to verify the email address you used during registration. Go to your Sporcle Settings to finish the process.

Report this User

Report this user for behavior that violates our Community Guidelines.

Details: